Statistics for Top 15 Countries with Covid-19 Deaths - 13 October 2021

Click here to take the quiz!

General Stats

  • This quiz has been taken 12 times
  • The average score is 16 of 25

Answer Stats

country% Correct
Germany
100%
India
100%
United Kingdom
100%
United States
100%
Argentina
91%
Brazil
91%
France
91%
Italy
91%
Mexico
91%
Russia
91%
Colombia
73%
Peru
73%
Belgium
64%
South Africa
64%
Indonesia
55%
Iran
55%
Bosnia and
Herzegovina
36%
Czechia
36%
Slovakia
36%
Slovenia
36%
Hungary
27%
North Macedonia
27%
Paraguay
27%
Bulgaria
18%
Georgia
18%

Score Distribution

Percentile by Number Answered

Percent of People with Each Score

Your Score History

You have not taken this quiz